00727nam a22001937a 450000500170000000800410001702000150005804100080007304400070008108200170008810000250010524501290013026000610025930000530032049000200037350400550039365000590044870000260050720140312100300.0140312b2000 ag ||||| |||| 00| 0 spa d a9509725390 aspa aag00a599.65bD54h1 aDíaz, Norma Inés13aEl Huemul Patagónico :bun misterioso cérvido al borde de la extinción /cNorma Inés Diaz y Jo Anne Smith-Flueck aBuenos Aires bLiterature of Latin America L.O.L.Ac2000 axiv, 156 pbill. (algunas a col.), mapasc28 cm. aMonografíav3 aIncluye referencias bibliográficas (p. 141-150). 0aHippocamelus bisulcuszPatagonia (Argentina and Chile)1 aSmith-Flueck, Jo Anne